The accounting guide for entrepreneurs and employees: (Record no. 367267)
[ view plain ]
| 000 -LEADER | |
|---|---|
| fixed length control field | 00710nam a22001937a 4500 |
| 003 - CONTROL NUMBER IDENTIFIER | |
| control field | 0 |
| 005 - DATE AND TIME OF LATEST TRANSACTION | |
| control field | 20250310165342.0 |
| 008 - FIXED-LENGTH DATA ELEMENTS--GENERAL INFORMATION | |
| fixed length control field | 250301b xxu||||| |||| 00| 0 eng d |
| 020 ## - INTERNATIONAL STANDARD BOOK NUMBER | |
| International Standard Book Number | 978-621-02-1330-0 |
| 050 ## - LIBRARY OF CONGRESS CALL NUMBER | |
| Classification number | HF 5635 |
| Item number | .P33 2021 |
| 100 ## - MAIN ENTRY--PERSONAL NAME | |
| Personal name | Padios, Kishine |
| 245 ## - TITLE STATEMENT | |
| Title | The accounting guide for entrepreneurs and employees: |
| Remainder of title | Bookkeeping and BIR tax filing SSS, Pag-ibig Business Registration, BIR tax penalties. |
| Statement of responsibility, etc | Kishine Padios |
| 260 ## - PUBLICATION, DISTRIBUTION, ETC. (IMPRINT) | |
| Place of publication, distribution, etc | Quezon City, Philippines |
| Name of publisher, distributor, etc | Central Book Supply Inc. |
| Date of publication, distribution, etc | 2021 |
| 300 ## - PHYSICAL DESCRIPTION | |
| Extent | v, 82 pages: |
| Other physical details | colored illustration; |
| Dimensions | 23cm. |
| 650 ## - SUBJECT ADDED ENTRY--TOPICAL TERM | |
| Topical term or geographic name as entry element | Accounting--Employees. |
| 650 ## - SUBJECT ADDED ENTRY--TOPICAL TERM | |
| Topical term or geographic name as entry element | Bookkeeping--Tax filling. |
| 650 ## - SUBJECT ADDED ENTRY--TOPICAL TERM | |
| Topical term or geographic name as entry element | Accounting--Philippines. |
| 942 ## - ADDED ENTRY ELEMENTS (KOHA) | |
| Source of classification or shelving scheme | Library of Congress Classification |
| Koha item type | Books |
| Withdrawn status | Lost status | Source of classification or shelving scheme | Damaged status | Home library | Current library | Shelving location | Date acquired | Source of acquisition | Total Checkouts | Full call number | Barcode | Date last seen | Price effective from | Koha item type |
|---|---|---|---|---|---|---|---|---|---|---|---|---|---|---|
| Library of Congress Classification | College Library | College Library | Filipiniana Section | 03/01/2025 | Library Fund | HF 5635 .P33 2021 | C24271 | 03/01/2025 | 03/01/2025 | Books |